The 15 biggest cities in Afghanistan - Map - Statistics

General Stats
  • This quiz has been taken 328 times
  • The average score is 6 of 15
Answers on the Map
Answers color-coded by a green-red scale on the quiz's map according to % correct below.
 
Answer Stats
Population City % Correct
4,270,000 Kabul
99%
560,000 Herat
80%
610,000 Kandahar
77%
260,000 Jalalabad
50%
470,000 Mazar-i Sharif
50%
360,000 Kunduz
47%
180,000 Ghazni
35%
180,000 Khost
30%
190,000 Lashkargah
24%
250,000 Taloqan
23%
170,000 Sar-e Pol
20%
190,000 Sheberghan
18%
240,000 Puli Khumri
16%
200,000 Charikar
12%
150,000 Chaghcharan
10%
No matching quizzes found
Score Distribution
Percent of People with Each Score
Percentile by Number Answered
Your Score History
You have not taken this quiz